Statistics for Guess the Bible Story by Chapter - Matthew Edition

Click here to take the quiz!

General Stats

  • This quiz has been taken 10 times
  • The average score is 10 of 52

Answer Stats

HintAnswer% Correct
Matthew 5 - 7Sermon on the Mount
100%
Matthew 5, 3-12Beatitudes
83%
Matthew 1, 1-17Genealogy of Jesus
83%
Matthew 4, 1-11Temptation in the desert
83%
Matthew 3, 13-16Baptism of Jesus
67%
Matthew 1, 18-24Birth of Jesus
67%
Matthew 4, 18-22Calling of the first disciples
67%
Matthew 3, 1-12John the Baptist
67%
Matthew 6, 9-13Lord's Prayer
33%
Matthew 10Mission Discourse / Little Commission
33%
Matthew 24 - 25Apocalyptic Discourse / Olivet Discourse
17%
Matthew 26, 47-56Arrest of Jesus
17%
Matthew 12, 22-36Blasphemy Against the Holy Spirit
17%
Matthew 9, 9-12Calling of Matthew
17%
Matthew 27, 32-44Crucifixion of Jesus
17%
Matthew 26, 69-75Denial of Peter
17%
Matthew 8, 5-13Faith of a Centurion
17%
Matthew 28, 16-20Great Commission
17%
Matthew 11Jesus and John the Baptist
17%
Matthew 27, 11-26Jesus Before Pilate
17%
Matthew 8, 23-27Jesus calms the storm
17%
Matthew 9, 1-8Jesus forgives and heals a paralyzed man
17%
Matthew 26, 36-46Jesus Prays in Gethsemane
17%
Matthew 28, 1-10Resurrection
17%
Matthew 27, 45-56The Death of Jesus
17%
Matthew 26, 17-30The Last Supper
17%
Matthew 18Community Discourse / Discourse on the Church
0%
Matthew 16, 13-20Confession of Peter
0%
Matthew 14, 1-12Decapitation of John the Baptist
0%
Matthew 15, 29-39Feeding of the 4,000
0%
Matthew 14, 13-21Feeding of the 5,000
0%
Matthew 21, 12-17Jesus Cleanses the Temple
0%
Matthew 12, 46-50Jesus' Mother and Brothers
0%
Matthew 16, 21-28Jesus predicts his death
0%
Matthew 14, 22-34Jesus Walks on the Water
0%
Matthew 18, 10-14Parable of the Lost Sheep
0%
Matthew 13, 1-23Parable of the Sower
0%
Matthew 21, 33-45Parable of the Tenants
0%
Matthew 25, 1-13Parable of the Ten Virgins
0%
Matthew 18, 21-35Parable of the Unforgiving Servant
0%
Matthew 20, 1-16Parable of the vineyard workers
0%
Matthew 22, 1-14Parable of the Wedding Feast
0%
Matthew 13Parabolic Discourse
0%
Matthew 22, 15-22Paying Taxes to Caesar
0%
Matthew 15, 21-28The Faith of a Canaanite Woman
0%
Matthew 22, 34-40The Greatest Commandment
0%
Matthew 16, 5-12The Leaven of the Pharisees and Sadducees
0%
Matthew 19, 13-15The little children and Jesus
0%
Matthew 19, 16-30The Rich Young Man
0%
Matthew 12, 38-45The Sign of Jonah
0%
Matthew 21, 1-11The Triumphal Entry
0%
Matthew 17, 1-13Transfiguration
0%

Score Distribution

Percentile by Number Answered

Percent of People with Each Score

Your Score History

You have not taken this quiz